00446 2200181 4500001002100000005001500021008004100036035001900077041000700096082001000103090001600113100002000129245002800149260003100177300002900208500001100237650001600248INLIS00000000000170320241224112411241224||||||||| | ||| |||| || |  0010-1224001703 aid0 a398.2 a398.2 TIR d0 aTira Ikranegara00aAsal Mula Reog Ponorogo aSurabayabSerba Jayac2008 a64 hlm. : ilusi. ; 21 cm aCet. 1 0aIlmu Sosial